Eficiência de extratos de plantas medicinais e aromáticas em atrair a abelha africanizada (Apis mellifera L.) em cultura de abacateiro (Persea americana Mill.) (Registro n. 298523)
[ somente texto ]
| 000 -LÍDER | |
|---|---|
| fixed length control field | 03046nab a2200253 i 4500 |
| 003 - CÓDIGO MARC DA AGÊNCIA CATALOGADORA | |
| Campo de controle | BR-BrBNA |
| 005 - DATA E HORA DA ÚLTIMA ATUALIZAÇÃO | |
| Campo de controle | 20240216105721.0 |
| 008 - CAMPO DE TAMANHO FIXO | |
| fixed length control field | 240216b2003 bl.fr|p|oa||| 00| 0 por | |
| 040 ## - FONTE DA CATALOGAÇÃO | |
| Agência catalogadora | BR-BrBNA |
| Idioma da catalogação | por |
| 072 ## - CATEGORIA AGRIS | |
| Código AGRIS | F63 |
| 100 ## - ENTRADA PRINCIPAL - NOME PESSOAL | |
| Nome pessoal | Silva, S.R. |
| 100 ## - ENTRADA PRINCIPAL - NOME PESSOAL | |
| Nome pessoal | Malerbo-Souza , D.T. |
| 245 ## - TÍTULO PRINCIPAL | |
| Título principal | Eficiência de extratos de plantas medicinais e aromáticas em atrair a abelha africanizada (Apis mellifera L.) em cultura de abacateiro (Persea americana Mill.) |
| 500 ## - NOTA GERAL | |
| Nota geral | Publicação on-line; 23 ref.; 1 table; Summaries (En, Pt) |
| 942 ## - ADDED ENTRY ELEMENTS (KOHA) | |
| Koha item type | |
| 520 ## - NOTA DE RESUMO | |
| Nota de conteúdo | <br/><br/>RESUMO : <br/><br/>O presente experimento teve como objetivo estudar a atratividade de extratos de plantas<br/>medicinais e aromáticas sobre a freqüência da abelha africanizada (Apis mellifera L.) em flores das<br/>variedades Quintal e Fortuna do abacateiro (Persea americana Mill.). Para isso, foram pulverizadas<br/>sobre as flores os extratos de capim-limão (Cymbopogon citratus), manjericão (Ocimum sellowii L),<br/>falsa melissa (Lippia alba), folhas de laranjeira (Citrus sinensis), de eucalipto (Eucalyptus sp.), eugenol<br/>e linalol. A atratividade foi avaliada através de contagens do número de abelhas Apis mellifera L, a<br/>cada dez minutos, das 7 às 18 horas, antes e após a pulverização. Observou-se que a pulverização<br/>dos extratos de falsa melissa, folhas de eucalipto e folhas de laranjeira apresentaram um aumento no<br/>número de abelhas Apis mellifera, na variedade Quintal. Os produtos testados em tubos Eppendorf<br/>não foram eficientes para atrair a abelha Apis mellifera, em ambas as variedades.<br/><br/>Palavras-Chave: Abelhas, plantas medicinais, Lauraceae |
| 520 ## - NOTA DE RESUMO | |
| Nota de conteúdo | <br/><br/>ABSTRACT: <br/><br/>The efficiency of Medical and Aromatics plants in attracting Africanized honey bees<br/>(Apis mellifera L.) on avocado (Persea americana Mill.) The objective of the experiment was to test<br/>attractive substances for Africanized honey bees, Apis mellifera L., in avocado, Persea americana Mill.<br/>Were pulverized extracts of lemon grass (Cympobogon citratus), ocimum (Ocimum sellowii), Lippia<br/>alba, orange leaves (Citrus sinensis), eucaliptus leaves (Eucalyptus sp), eugenol and linalol and the<br/>frequency of bees on flowers were evaluated. The frequency of honey bees did increase with the<br/>application of the extracts falsa melissa, eucaliptus leaves and orange leaves, used as attractants in<br/>Quintal variety. The products tested in Eppendorf tubes did not increased the frequency the bees in<br/>Quintal and Fortuna varieties.<br/><br/>Key words: attractants, medicinal and aromatics plants, Apis mellifera, avocado, Persea americana. |
| 650 ## - ASSUNTO - THESAGRO | |
| Cabeçalho tópico ou nome geográfico | ABELHA AFRICANA |
| 650 ## - ASSUNTO - THESAGRO | |
| Cabeçalho tópico ou nome geográfico | PLANTA MEDICINAL |
| 650 ## - ASSUNTO - THESAGRO | |
| Cabeçalho tópico ou nome geográfico | LAURACEAE |
| 773 0# - ENTRADA ANALÍTICA | |
| Host Biblionumber | 3543 |
| Registro do item | 13660 |
| Imprenta | Botucatu-SP Instituto de Biociências - Departamento de Química e Bioquímica 1998 |
| Outro identificador | 2023-29685 |
| Título | Revista Brasileira de Plantas Medicinais (Brazil) |
| ISSN | 1516-0572 |
| Colação | v. 6(1) p. 56-59; (2003) |
| Número de controle de registro | BR2024000030 |
| 856 ## - ACESSO E ENDEREÇO ELETRÔNICO | |
| Identificador uniforme de recurso - URI | https://www.sbpmed.org.br/admin/files/papers/file_Oq45pUSORLkY.pdf |
Nenhum exemplar disponível.

BINAGRI